000
00196 a2200097 4500
001
9570
100
_a
Saunders, W
245
_a
Mechanics
260
_a
_b
Berkeley Physics
_c
090
_c
7611
_d
7611
942
_a
NUST-CAE
_c
M
_c
34280
999
_c
244643
_d
244643